00577cam a22002177a 4500003000500000005001700005008004100022010001000063011001000073035001000083040000900093082001700102110007800119245001700197260003700214300002000251490002200271650002600293700001800319830002200337CHAP20220329141310.0971010s1982 mx a r 00010 spa d a66005 a66977 a75964 cCHAP00a583.54bIn770 aInstituto Nacional de Investigaciones sobre Recursos Bióticos. México10aBignoniaceae aXalapa, Ver. :bEl INIREB,c1982 a222 p. :bilus. 0aFlora de Veracruz14aBotánicaxVeracruz.0 aGentry, A. H.00aFlora de Veracruz